| 000 | 00889cam a2200265 4500 | ||
|---|---|---|---|
| 001 | ABS62379 | ||
| 008 | 000000n2000 000 0 eng u | ||
| 035 | _a(Sirsi) u106270 | ||
| 100 | _aPartridge, C. | ||
| 245 | _aRates on course for net change | ||
| 260 | _c2000 | ||
| 490 |
_aEstates Gazette _v(0019) 13 May 2000, 134-135(2) |
||
| 520 | _aConsiders how the internet is transforming the rating system. It promises to bring further improvements in the near future, making administration of the system faster, cheaper and more accurate. | ||
| 590 | _aABS | ||
| 650 | _aRATING SYSTEM | ||
| 650 | _aVALUATION OFFICE AGENCY | ||
| 650 | _aINTERNET | ||
| 650 | _aVALUATION TRIBUNAL SERVICE | ||
| 650 | _aELECTRONIC RATINGS LISTS | ||
| 650 | _aELECTRONIC PROPOSALS | ||
| 650 | _aVALUATIONS | ||
| 650 | _aRATING APPEALS | ||
| 690 | _aRATING AND LOCAL TAXATION | ||
| 942 | _n0 | ||
| 999 |
_c63645 _d63645 |
||